000
00300nam a22001337a 4500
082
_a
891.4393 AMJ
100
_a
Amjad Javid
245
_a
Ishq kisi ki zaat nai
260
_a
Lahore
_b
Ilm o Irfan
_c
2011
300
_a
240p. :
_e
22 cm
650
_a
Urdu literature
700
_a
Amjad Javid
942
_c
BK
999
_c
11679
_d
11679